Industria

Kaydedildi:
Detaylı Bibliyografya
Yazar: Eckart, Heinz
Diğer Yazarlar: Salowsky, Heinz
Materyal Türü: Kitap
Dil:Undetermined
Baskı/Yayın Bilgisi: Bonn, Alemania : Oficina de Prensa e Informacion de la Republica Federal de Alemania 1973
Konular:
Etiketler: Etiketle
Etiket eklenmemiş, İlk siz ekleyin!

MARC

LEADER 00000nam a2200000Ia 4500
003 000716
005 20221231143945.0
008 140114s9999 xx 000 0 und d
040 |c cru CEDI 
082 |a  338.943.087 E18i 
100 |a Eckart, Heinz  |9 20466 
245 |a Industria  
260 |a  Bonn, Alemania : Oficina de Prensa e Informacion de la Republica Federal de Alemania  |c 1973 
300 |a 83 páginas : ilustraciones 
650 |x ALEMANIA (REPUBLICA FEDERAL, 1949-1990) - INDUSTRIAS  |9 20468 
700 |9 20467  |a Salowsky, Heinz  
942 |2 ddc  |c BK 
999 |c 14778  |d 14778